Direccin̤ de ventas Liderazgo en el siglo XXI /

Bibliographic Details
Main Author: Blanco, Fernando
Format: eBook
Language:Spanish
Published: Bogot:̀ Ediciones de la U, 2012
Subjects:
Online Access:Acceso restringido

MARC

LEADER 00000nam a22000007a 4500
005 20210515002943.0
007 cr|||| ||||
008 210515s2012 co |||||s|||| 00||0 spa d
020 |a 978-958-762-071-9 
035 |a 33372 
040 |a vLex 
090 |c 11674  |d 11674 
100 1 |a Blanco, Fernando 
245 1 0 |a Direccin̤ de ventas  |h [Recurso electrn̤ico] :  |b Liderazgo en el siglo XXI /  |c Fernando Blanco 
256 |a Servicio en ln̕ea 
260 |a Bogot:̀  |b Ediciones de la U,  |c 2012 
300 |a 1 recurso electrn̤ico 
500 |a El panorama de los negocios en la actualidad exige que la alta direccin̤ considere a la funcin̤ de comercializacin̤ y ventas de una manera diferente a la que ha funcionado en las l︢timas dčadas. La funcin̤ de ventas ha pasado de ser meramente tc̀tica a convertirse en una cuestin̤ estratǧica para el directorio. 
506 1 |a Disponible solo en los productos indicados  |d vLex Global  |d vLex Global (Academic Edition, excluding Law Schools)  |d vLex Global (U.S. Academic Edition, Law Schools)  |d vLex Global (U.S. Academic Edition, excluding Law Schools)  |d vLex Global (Academic Edition, Law Schools) 
650 0 4 |a Marketing  |z Colombia 
740 0 |a vLex Libros (Servicio en ln̕ea) 
856 4 0 |u https://vlex.com/source/direccion-de-ventas-liderazgo-en-el-siglo-xxi-33372  |z Acceso restringido 
942 |c BOOK 
999 0 |a Marketing